000
00213 a2200097 4500
001
14654
100
_a
Davis H.E
245
_a
The Americas in history
260
_a
New York
_b
Ronald P.C
_c
090
_c
11440
_d
11440
942
_a
NUST-CAE
_c
M
_c
1604
999
_c
249727
_d
249727